• 首页
  • 本馆介绍
  • 公告通知
  • 最新文献
  • 馆藏检索
  • 电子资源
  • 读者导购
  • 参考咨询
  • 我的图书馆
  • 登录
  • 详细信息显示
  • 放入我的书架
  • 预约/预借图书
  • 作者相关作品
  • 分类相关作品
  • 丛书相关作品
  • 出版社相关作品

书目信息

  • 表格格式
  • 工作单格式
  • 卡片格式
题名:
美镜头
    
 
作者: 李子云 主编 ;陈惠芬 撰文
分册:  
出版信息: 珠海   珠海出版社  2004
页数: 239页
开本: 24cm
丛书名:
单 册:
中图分类: D442.64-64 , J421
科图分类:
主题词: 女性--形象--中国--20世纪--摄影集 , 摄影艺术--中国
电子资源:
ISBN: 7-80689-256-7
000 00951nam0 2200265 450
001 1569520078
005 20150117191924.06
010    @a7-80689-256-7@dCNY38.00
100    @a20040802d2004 em y0chiy50 ea
101 0  @achi
102    @aCN@b440000
105    @aa z 000yy
200 1  @a美镜头@9mei jing tou@e百年中国女性形象@e珍藏版@f李子云等主编@g陈惠芬等撰文
210    @a珠海@c珠海出版社@d2004
215    @a239页@c照片@d24cm
330    @a本书以大量图片结合简洁的文字方式,以20世纪各个时期具有代表性和时代意义的图片为载体,展示了从晚清风尚、五四女生到红装女性以至现代多元化的女性形象。
517 1  @a百年中国女性形象@9bai nian zhong guo nv xing xing xiang
606 0  @a女性@x形象@y中国@z20世纪@j摄影集
606 0  @a摄影艺术@x中国
690    @aD442.64-64@v5
690    @aJ421@v4
701  0 @a李子云@9li zi yun@c(女,@f1930~2009)@4主编
702  0 @a陈惠芬@9chen hui fen@4撰文
801  0 @aCN@bTSSF@c20150117
905    @aZUCC@dJ421@eJY39
    
    美镜头:百年中国女性形象:珍藏版/李子云等主编/陈惠芬等撰文.-珠海:珠海出版社,2004
    239页:照片;24cm
    
    
    ISBN 7-80689-256-7:CNY38.00
    本书以大量图片结合简洁的文字方式,以20世纪各个时期具有代表性和时代意义的图片为载体,展示了从晚清风尚、五四女生到红装女性以至现代多元化的女性形象。
●
相关链接 在E读中查询图书 在五车中查询图书 在当当中查询图书 在豆瓣中查询图书


正题名:美镜头     索取号:J421/JY39         预约/预借

序号 登录号 条形码 馆藏地/架位号 状态 备注
1 7853148   278531484   学院路分馆/ [索取号:J421/JY39] 在馆    
唐山师范学院图书馆 欢迎您!
大连网信软件有限公司© 版权所有